| 000 | 00600nam a2200181Ia 4500 | ||
|---|---|---|---|
| 008 | 090124s9999 xx 000 0 und d | ||
| 082 | _b117423 | ||
| 100 | _aचेस जेम्स हॅडले | ||
| 245 | _a किस्सा एका रात्रीचा | ||
| 250 | _a1 | ||
| 260 | _c1978 | ||
| 300 | _a167 | ||
| 600 | _aचेस जेम्स हॅडले | ||
| 630 | _a किस्सा एका रात्रीचा | ||
| 700 | _aचेस जेम्स हॅडले | ||
| 730 | _a किस्सा एका रात्रीचा | ||
| 942 | _cBOOK | ||
| 999 |
_c163510 _d163510 |
||